|
|
|
|
| LEADER |
00000nab a2200000 a 4500 |
| 001 |
vtls000650813 |
| 003 |
SK-MaSNL |
| 005 |
20260426081529.0 |
| 008 |
250425c1998 xo 0 slo |
| 015 |
|
|
|a SNBRA1998/02-03663
|
| 035 |
|
|
|a CLN000003007
|
| 035 |
|
|
|a urn:nbn:sk:snk-ab22mo
|
| 035 |
|
|
|a (urnnbn)urn:nbn:sk:snk:ar-a01gfn
|
| 035 |
|
|
|a (uuid)9d3b6887-3e08-43bd-9c8b-2b94d8afffc6
|
| 040 |
|
|
|a SNKBUCL
|b slo
|c SNKBUCL
|e AACR2
|
| 041 |
0 |
|
|a slo
|
| 044 |
|
|
|a xo
|c SK
|
| 080 |
|
|
|a 78.071.2:785.7:061.7
|2 1997
|
| 080 |
|
|
|a 785.7
|2 1997
|
| 100 |
1 |
|
|a Kačic, Ladislav,
|d 1951-2024
|4 aut
|9 92943
|
| 245 |
1 |
0 |
|a Musica aeterna v éteri (a vo vákuu)
|c Ladislav Kačic
|
| 300 |
|
|
|b Fotogr.
|
| 610 |
2 |
7 |
|a Musica aeterna (hudobná skupina)
|2 snkbucl
|9 34238
|
| 648 |
|
7 |
|a 12.1.1998
|2 snkbucl
|9 1399684
|
| 650 |
0 |
7 |
|a koncerty
|2 snkbucl
|9 19182
|
| 651 |
|
7 |
|a Bratislava (Slovensko)
|2 snkbucl
|9 14568
|
| 655 |
|
7 |
|a články z novín a časopisov
|2 snkbucl
|2 snkbucl
|9 267496
|
| 773 |
0 |
|
|t Hudobný život '98
|g Roč. 30, č. 4 (1998), s. 8
|
| 850 |
|
|
|a Slovenská národná knižnica
|
| 852 |
|
|
|a Slovenská národná knižnica
|
| 954 |
|
|
|a odborná, vedecká literatúra pôvodná (slovenská)
|2 lita
|
| 958 |
|
|
|a article27
|
| 958 |
|
|
|a OND
|
| 958 |
|
|
|a SK
|
| 958 |
|
|
|a EUIPO
|
| 992 |
|
|
|a RBX
|
| 999 |
|
|
|c 2845421
|d 2847351
|